000 00412nam a2200157Ia 4500
008 240729s9999 xx 000 0 und d
022 _a2684-9224
245 0 _aElsya
260 _aIndonesia
260 _bUniversitas Lancang Kuning
650 _a English language
650 _aLanguage and Literature
856 _uhttps://doaj.org/toc/7ae562fa9b724d43801c673dc0cc5a07
942 _2ddc
942 _cDOAJEJ
999 _c73140
_d73140
945 _a1
_bMadushi Gamage
_c1
_dMadushi Gamage